000 00577cam a2200145 4500500
005 20251012020644.0
041 _afre
042 _adc
100 1 0 _ad'Arienzo, María
_eauthor
245 0 0 _aBonnet Piero Antonio, Le presunzioni legali del consenso matrimoniale canonico in un Occidente scristionizzato, Giuffrè editore, Milan 2006, 247 p.
260 _c2006.
500 _a44
786 0 _nL'Année canonique | XLVIII | 1 | 2006-02-11 | p. 345-346 | 0570-1953
856 4 1 _uhttps://shs.cairn.info/revue-l-annee-canonique-2006-1-page-345?lang=fr&redirect-ssocas=7080
999 _c1536383
_d1536383